Ľud v boji za slobodu : (pamätnica k 30. výročiu oslobodenia) /
| Hlavní autor: | Hozák, Július |
|---|---|
| Další autoři: | Kostický, Bohumír, 1932-1991, Sloboda, Elo, 1939- |
| Jazyk: | Ruština Němčina Slovenština Francouzština Angličtina |
| Vydáno: |
Martin : Osveta, 1975 |
| Vydání: | 1. vyd. |
| Fyzický popis: |
356 s., obr. příl. : il. + 1 příl. (43 s.) |
| Language note: |
Souběžný anglický, francouzský, německý a ruský text |
| LEADER | 00954nam a22002532a 4500 | ||
|---|---|---|---|
| 001 | 001770785 | ||
| 003 | CZ BrMZK | ||
| 005 | 20210105103533.0 | ||
| 007 | ta | ||
| 008 | 200924s1975 xo af er|||||||||||slo d | ||
| 040 | |a BOA001 |b cze |e aacr2 | ||
| 041 | 1 | |a slo |a eng |a fre |a ger |a rus |h slo | |
| 100 | 1 | |a Hozák, Július |7 jx20061013026 |4 aut | |
| 245 | 1 | 0 | |a Ľud v boji za slobodu : |b (pamätnica k 30. výročiu oslobodenia) / |c zostavili: Július Hozák, Bohuš Kostický a Elo Sloboda |
| 250 | |a 1. vyd. | ||
| 260 | |a Martin : |b Osveta, |c 1975 | ||
| 300 | |a 356 s., obr. příl. : |b il. + |e 1 příl. (43 s.) | ||
| 546 | |a Souběžný anglický, francouzský, německý a ruský text | ||
| 700 | 1 | |a Kostický, Bohumír, |d 1932-1991 |7 jx20050722039 |4 aut | |
| 700 | 1 | |a Sloboda, Elo, |d 1939- |7 xx0154478 |4 aut | |
| 910 | |a BOA001 |b 3-0749.849 | ||
| 990 | |a BK | ||
| 991 | |b 202009 | ||
| 996 | 7 | |b 2618897574 |c 3-0749.849 |l MZK |r Sklad / do 1 hodiny |n 0 |w 001828593 |u 000010 |a 1 |e BOA001 |j MZK50 |s A | |
English
Čeština 